000 01004nam a2200241 a 4500
001 000025328
005 20200930023718.0
008 110214s1994 ag r 000 0 spa d
040 _aDO-SdBNP
_bspa
_cBNPHU
041 1 7 _aspa
_heng
_2Código de idiomas MARC
082 _ann*
_bnn*
100 1 _aBirenbaum, William M.
_951873
240 1 0 _aSomething for everybody is not enough: an educator´s search for his education.
_lEspañol
245 1 0 _aHacia una nueva universidad :
_bmemorias de un rector /
_cWilliam M. Birenbaum ; traducción de Ana Maria Uribe ; prólogo de Gustavo F. J. Cirigliano.
260 _aBuenos Aires :
_bPleamar,
_c1994.
300 _a271 p. ;
_c20 cm.
490 1 _aEducación liberadora
534 _aTítulo del original inglés :
_tSomething for everybody is not enough: an educator´s search for his education
700 1 _aCirigliano, Gustavo F. J.,
_epról.
_951874
700 1 _aUribe, Ana Maria,
_etr.
_911460
830 0 _aEducación liberadora
_951875
049 _aBNGR
999 _c24820
_d24820